Gestión social responsabilidad social y participación: compromiso desde la universidad /
El presente artículo reflexiona acerca de pensar la universidad para los tiempos contemporáneos y los problemas generados por la inadecuada responsabilidad social causada por múltiples fuentes: políticas blandas, imprecisas e irresponsables, corrupción, ignorancia, entre otros. En síntesis, lo que s...
Salvato in:
| Autore principale: | |
|---|---|
| Natura: | testo |
| Soggetti: | |
| Tags: |
Aggiungi Tag
Nessun Tag, puoi essere il primo ad aggiungerne!!
|
MARC
| LEADER | 00000 a a2200000 04500 | ||
|---|---|---|---|
| 001 | 45781 | ||
| 003 | |||
| 040 | |||
| 100 | |a Quiroga Parra, Martha | ||
| 245 | |a Gestión social responsabilidad social y participación: |b compromiso desde la universidad / |c Martha Quiroga Parra | ||
| 520 | |a El presente artículo reflexiona acerca de pensar la universidad para los tiempos contemporáneos y los problemas generados por la inadecuada responsabilidad social causada por múltiples fuentes: políticas blandas, imprecisas e irresponsables, corrupción, ignorancia, entre otros. En síntesis, lo que se pretende es un balance de algunos de los problemas causados por un proceder no responsable socialmente desde el marco de la universidad. | ||
| 590 | |a RRH/ENERO2014 | ||
| 650 | |a RESPONSABILIDAD SOCIAL | ||
| 650 | |a EDUCACION | ||
| 650 | |a SERVICIOS SOCIALES | ||
| 650 | |a PARTICIPACION SOCIAL | ||
| 650 | |a DESARROLLO ECONOMICO Y SOCIAL | ||
| 773 | |g número1 (2012), páginas441-458 | ||
| 999 | |c 21293 |d 21293 | ||
